[Event "Russian Championship HL 2015 Male"]
[Site "Kaliningrad"]
[Date "2015.06.24"]
[Round "3.1"]
[White "Popov, Ivan"]
[Black "Rakhmanov, Aleksandr"]
[Result "1-0"]
[LiveChessVersion "1.4.4"]
[BlackElo "2623"]
[WhiteElo "2647"]

1. e4 {[%clk 1:30:57]} e6 {[%clk 1:30:05]} 2. d4 {[%clk 1:31:17]} d5
{[%clk 1:30:30]} 3. Nc3 {[%clk 1:31:41]} dxe4 {[%clk 1:30:35]} 4. Nxe4
{[%clk 1:32:00]} Bd7 {[%clk 1:30:59]} 5. Nf3 {[%clk 1:31:42]} Bc6
{[%clk 1:31:09]} 6. Bd3 {[%clk 1:32:02]} Nd7 {[%clk 1:30:35]} 7. O-O
{[%clk 1:32:19]} Ngf6 {[%clk 1:30:18]} 8. Ng3 {[%clk 1:32:34]} g6
{[%clk 1:27:18]} 9. b3 {[%clk 1:32:07]} Bg7 {[%clk 1:17:28]} 10. Ba3
{[%clk 1:32:13]} Bf8 {[%clk 1:17:51]} 11. Bb2 {[%clk 1:32:38]} Bg7
{[%clk 1:18:17]} 12. c4 {[%clk 1:32:47]} O-O {[%clk 1:16:47]} 13. b4
{[%clk 1:33:04]} Bxf3 {[%clk 1:10:13]} 14. Qxf3 {[%clk 1:33:28]} c6
{[%clk 1:09:47]} 15. a4 {[%clk 1:33:28]} a6 {[%clk 1:08:19]} 16. Rfe1
{[%clk 1:29:20]} Qc7 {[%clk 1:05:13]} 17. a5 {[%clk 1:29:02]} Rac8
{[%clk 0:59:58]} 18. Re2 {[%clk 1:20:30]} Bh6 {[%clk 0:55:33]} 19. Nf1
{[%clk 1:08:42]} Qf4 {[%clk 0:53:26]} 20. Qxf4 {[%clk 1:05:20]} Bxf4
{[%clk 0:53:48]} 21. Nd2 {[%clk 1:05:03]} Rfd8 {[%clk 0:51:13]} 22. Nb3
{[%clk 1:02:15]} Bh6 {[%clk 0:49:42]} 23. Rd1 {[%clk 0:53:45]} Ne8
{[%clk 0:41:21]} 24. g3 {[%clk 0:48:55]} Bf8 {[%clk 0:41:11]} 25. Bc3
{[%clk 0:48:09]} Bg7 {[%clk 0:32:22]} 26. g4 {[%clk 0:30:37]} Bh6
{[%clk 0:29:05]} 27. Kg2 {[%clk 0:30:08]} Nc7 {[%clk 0:26:20]} 28. Bd2
{[%clk 0:25:16]} Bxd2 {[%clk 0:22:02]} 29. Rexd2 {[%clk 0:25:08]} Rb8
{[%clk 0:20:03]} 30. Be2 {[%clk 0:20:10]} Nf6 {[%clk 0:16:39]} 31. f4
{[%clk 0:18:11]} Ne4 {[%clk 0:12:27]} 32. Rc2 {[%clk 0:17:53]} Kg7
{[%clk 0:10:53]} 33. Bf3 {[%clk 0:15:20]} Nd6 {[%clk 0:11:05]} 34. Rd3
{[%clk 0:11:43]} h6 {[%clk 0:10:33]} 35. Kf2 {[%clk 0:09:20]} Nc8
{[%clk 0:06:08]} 36. Ke3 {[%clk 0:06:56]} Ne7 {[%clk 0:06:26]} 37. Nc5
{[%clk 0:06:19]} Kf6 {[%clk 0:01:48]} 38. Rf2 {[%clk 0:04:34]} Kg7
{[%clk 0:02:11]} 39. Kd2 {[%clk 0:04:28]} Ne8 {[%clk 0:01:04]} 40. Kc3
{[%clk 0:33:34]} Nd6 {[%clk 0:31:09]} 41. Re2 {[%clk 0:32:53]} Kf8
{[%clk 0:28:08]} 42. Rde3 {[%clk 0:32:00]} Ne8 {[%clk 0:25:20]} 43. Re5
{[%clk 0:26:44]} Nf6 {[%clk 0:22:25]} 44. f5 {[%clk 0:22:40]} gxf5
{[%clk 0:17:46]} 45. gxf5 {[%clk 0:22:59]} Nxf5 {[%clk 0:15:51]} 46. d5
{[%clk 0:23:10]} cxd5 {[%clk 0:01:54]} 47. cxd5 {[%clk 0:23:22]} Ng7
{[%clk 0:01:00]} 48. dxe6 {[%clk 0:23:21]} Nxe6 {[%clk 0:01:20]} 49. Rxe6
{[%clk 0:20:43]} fxe6 {[%clk 0:01:45]} 50. Nxe6+ {[%clk 0:21:07]} Ke7
{[%clk 0:00:49]} 51. Nxd8+ {[%clk 0:21:30]} Kxd8 {[%clk 0:01:15]} 52. Re6
{[%clk 0:21:53]} Ng8 {[%clk 0:00:40]} 53. h4 {[%clk 0:18:23]} Kc7
{[%clk 0:00:48]} 54. Rg6 {[%clk 0:12:52]} Ne7 {[%clk 0:01:10]} 55. Rxh6
{[%clk 0:13:17]} Rf8 {[%clk 0:01:24]} 56. Be4 {[%clk 0:13:34]} Rf4
{[%clk 0:01:26]} 57. Kd3 {[%clk 0:13:56]} Kd7 {[%clk 0:00:34]} 58. Ke3
{[%clk 0:13:27]} Rf7 {[%clk 0:00:38]} 59. Rb6 {[%clk 0:13:36]} Kd8
{[%clk 0:00:43]} 60. Rxb7 {[%clk 0:13:40]} 1-0

[Event "Russian Championship HL 2015 Male"]
[Site "Kaliningrad"]
[Date "2015.06.24"]
[Round "3.2"]
[White "Frolyanov, Dmitry"]
[Black "Kobalia, Mikhail"]
[Result "1/2-1/2"]
[LiveChessVersion "1.4.4"]
[BlackElo "2623"]
[WhiteElo "2566"]

1. e4 {[%clk 1:30:46]} Nf6 {[%clk 1:30:47]} 2. e5 {[%clk 1:31:07]} Nd5
{[%clk 1:31:14]} 3. d4 {[%clk 1:31:27]} d6 {[%clk 1:31:40]} 4. c4
{[%clk 1:30:48]} Nb6 {[%clk 1:32:04]} 5. exd6 {[%clk 1:30:33]} exd6
{[%clk 1:32:16]} 6. Nf3 {[%clk 1:29:01]} Be7 {[%clk 1:32:40]} 7. h3
{[%clk 1:25:49]} O-O {[%clk 1:32:54]} 8. Bd3 {[%clk 1:23:43]} Bf6
{[%clk 1:31:50]} 9. O-O {[%clk 1:22:00]} Nc6 {[%clk 1:30:48]} 10. Nc3
{[%clk 1:18:48]} Re8 {[%clk 1:26:46]} 11. Bc2 {[%clk 0:55:36]} a5
{[%clk 1:11:19]} 12. Bf4 {[%clk 0:40:53]} g6 {[%clk 0:59:16]} 13. c5
{[%clk 0:38:06]} Nc4 {[%clk 0:55:22]} 14. Nd5 {[%clk 0:24:45]} Nxb2
{[%clk 0:48:51]} 15. Qd2 {[%clk 0:21:51]} Be6 {[%clk 0:21:33]} 16. Nxf6+
{[%clk 0:21:39]} Qxf6 {[%clk 0:22:02]} 17. Bg5 {[%clk 0:20:21]} Qg7
{[%clk 0:22:30]} 18. cxd6 {[%clk 0:12:44]} Nc4 {[%clk 0:16:18]} 19. Qf4
{[%clk 0:12:45]} f6 {[%clk 0:15:53]} 20. Bh6 {[%clk 0:08:21]} g5 {[%clk 0:15:31]}
21. Bxg7 {[%clk 0:08:37]} gxf4 {[%clk 0:15:57]} 22. Bxf6 {[%clk 0:08:55]} Nxd6
{[%clk 0:15:23]} 23. Ng5 {[%clk 0:06:19]} Bd5 {[%clk 0:15:00]} 24. Bxh7+
{[%clk 0:06:32]} Kf8 {[%clk 0:15:29]} 25. Bg6 {[%clk 0:05:56]} Re2
{[%clk 0:15:47]} 26. Rfe1 {[%clk 0:04:16]} Rxe1+ {[%clk 0:15:01]} 27. Rxe1
{[%clk 0:04:38]} Bxa2 {[%clk 0:15:28]} 28. d5 {[%clk 0:03:18]} Bxd5
{[%clk 0:15:11]} 29. h4 {[%clk 0:02:57]} Bf7 {[%clk 0:10:37]} 30. Nxf7
{[%clk 0:03:17]} Nxf7 {[%clk 0:11:06]} 31. Re4 {[%clk 0:03:05]} Nb4
{[%clk 0:06:24]} 32. Re7 {[%clk 0:01:13]} Nh8 {[%clk 0:06:40]} 33. Be4
{[%clk 0:01:25]} Ra6 {[%clk 0:07:01]} 34. Bg5 {[%clk 0:01:04]} Nf7
{[%clk 0:05:00]} 35. Rxc7 {[%clk 0:01:25]} Nxg5 {[%clk 0:05:19]} 36. hxg5
{[%clk 0:01:47]} a4 {[%clk 0:05:46]} 37. Bh7 {[%clk 0:00:49]} Nd5
{[%clk 0:01:52]} 38. Rxb7 {[%clk 0:01:12]} a3 {[%clk 0:02:16]} 39. Rb8+
{[%clk 0:00:41]} Kg7 {[%clk 0:01:40]} 40. Rb7+ {[%clk 0:30:59]} Kh8
{[%clk 0:31:39]} 41. Bb1 {[%clk 0:29:18]} Nc3 {[%clk 0:23:31]} 42. Rb3
{[%clk 0:27:30]} Nxb1 {[%clk 0:21:05]} 43. Rxb1 {[%clk 0:27:55]} Kg7
{[%clk 0:21:30]} 44. f3 {[%clk 0:26:47]} Kg6 {[%clk 0:20:35]} 45. g3
{[%clk 0:26:46]} Kxg5 {[%clk 0:20:44]} 46. gxf4+ {[%clk 0:25:33]} Kxf4
{[%clk 0:20:44]} 47. Kf2 {[%clk 0:25:55]} a2 {[%clk 0:19:44]} 48. Ra1
{[%clk 0:26:20]} Ke5 {[%clk 0:19:16]} 49. Ke3 {[%clk 0:26:30]} Ra3+
{[%clk 0:19:43]} 50. Kd2 {[%clk 0:26:46]} Rxf3 {[%clk 0:20:03]} 51. Kc2
{[%clk 0:27:08]} Kd4 {[%clk 0:20:30]} 52. Rxa2 {[%clk 0:27:21]} Rf2+
{[%clk 0:20:58]} 53. Kb3 {[%clk 0:27:41]} Rxa2 {[%clk 0:21:25]} 54. Kxa2 Ke5
1/2-1/2

[Event "Russian Championship HL 2015 Male"]
[Site "Kaliningrad"]
[Date "2015.06.24"]
[Round "3.3"]
[White "Dubov, Daniil"]
[Black "Bocharov, Dmitry"]
[Result "1-0"]
[LiveChessVersion "1.4.4"]
[BlackElo "2580"]
[WhiteElo "2661"]

1. c4 {[%clk 1:30:46]} c5 {[%clk 1:30:08]} 2. Nf3 {[%clk 1:31:05]} Nc6
{[%clk 1:29:47]} 3. d4 {[%clk 1:31:26]} cxd4 {[%clk 1:29:29]} 4. Nxd4
{[%clk 1:31:38]} Nf6 {[%clk 1:28:27]} 5. Nc3 {[%clk 1:31:58]} e6 {[%clk 1:28:49]}
6. Nxc6 {[%clk 1:32:08]} bxc6 {[%clk 1:28:17]} 7. e4 {[%clk 1:32:33]} e5
{[%clk 1:23:42]} 8. Be2 {[%clk 1:32:09]} Bc5 {[%clk 1:23:46]} 9. O-O
{[%clk 1:32:32]} O-O {[%clk 1:22:40]} 10. Qd3 {[%clk 1:32:58]} d6
{[%clk 1:21:09]} 11. Be3 {[%clk 1:30:37]} Bxe3 {[%clk 1:12:12]} 12. Qxe3
{[%clk 1:30:11]} c5 {[%clk 1:06:28]} 13. Rad1 {[%clk 1:24:26]} Qe7
{[%clk 1:04:39]} 14. Rd3 {[%clk 1:22:50]} Bb7 {[%clk 0:55:20]} 15. Rfd1
{[%clk 1:22:10]} Rfd8 {[%clk 0:55:37]} 16. Qg5 {[%clk 1:15:12]} h6
{[%clk 0:52:35]} 17. Qe3 {[%clk 1:13:58]} a6 {[%clk 0:48:02]} 18. R1d2
{[%clk 1:13:55]} Rab8 {[%clk 0:46:02]} 19. Bd1 {[%clk 1:13:45]} Ba8
{[%clk 0:43:57]} 20. Qe1 {[%clk 1:13:40]} Rb4 {[%clk 0:28:30]} 21. b3
{[%clk 1:12:37]} Bc6 {[%clk 0:28:06]} 22. Bc2 {[%clk 1:11:23]} Rb7
{[%clk 0:28:16]} 23. Bd1 {[%clk 1:04:48]} Nh7 {[%clk 0:21:59]} 24. Bg4
{[%clk 0:57:17]} Nf6 {[%clk 0:20:27]} 25. Bf3 {[%clk 0:57:41]} Ne8
{[%clk 0:19:16]} 26. Qd1 {[%clk 0:55:07]} Rdb8 {[%clk 0:18:47]} 27. Qc1
{[%clk 0:53:29]} a5 {[%clk 0:15:48]} 28. Bd1 {[%clk 0:52:40]} Rb4
{[%clk 0:13:48]} 29. Bc2 {[%clk 0:48:32]} Qe6 {[%clk 0:10:57]} 30. a3
{[%clk 0:45:46]} R4b6 {[%clk 0:11:11]} 31. a4 {[%clk 0:46:00]} Rd8
{[%clk 0:10:03]} 32. Qe1 {[%clk 0:43:47]} Qe7 {[%clk 0:08:23]} 33. Rd1
{[%clk 0:39:30]} Ra6 {[%clk 0:07:35]} 34. Nb5 {[%clk 0:34:27]} Bb7
{[%clk 0:06:33]} 35. f3 {[%clk 0:34:20]} Ba8 {[%clk 0:05:10]} 36. Qf2
{[%clk 0:32:45]} Bb7 {[%clk 0:04:59]} 37. Qd2 {[%clk 0:30:45]} Ba8
{[%clk 0:04:48]} 38. Re1 {[%clk 0:30:55]} Nf6 {[%clk 0:04:46]} 39. g3
{[%clk 0:30:28]} Bb7 {[%clk 0:04:10]} 40. Bd1 {[%clk 1:00:50]} Ne8
{[%clk 0:32:34]} 41. Be2 {[%clk 1:00:38]} Qg5 {[%clk 0:31:26]} 42. Qc3
{[%clk 0:57:27]} h5 {[%clk 0:28:42]} 43. Red1 {[%clk 0:49:35]} h4
{[%clk 0:28:34]} 44. Qe1 {[%clk 0:49:21]} g6 {[%clk 0:26:41]} 45. Bf1
{[%clk 0:48:36]} Kg7 {[%clk 0:22:02]} 46. Bg2 {[%clk 0:47:37]} hxg3
{[%clk 0:20:26]} 47. hxg3 {[%clk 0:47:49]} Qe7 {[%clk 0:14:42]} 48. Qc3
{[%clk 0:44:52]} Kg8 {[%clk 0:13:31]} 49. Qd2 {[%clk 0:44:29]} Bc8
{[%clk 0:10:33]} 50. Kf2 {[%clk 0:43:54]} g5 {[%clk 0:05:39]} 51. Rh1
{[%clk 0:34:42]} Ng7 {[%clk 0:04:51]} 52. Nc3 {[%clk 0:34:01]} Be6
{[%clk 0:04:33]} 53. Rh6 {[%clk 0:34:08]} f6 {[%clk 0:04:18]} 54. Bh3
{[%clk 0:34:10]} Bf7 {[%clk 0:03:53]} 55. Bg4 {[%clk 0:34:30]} Rb8
{[%clk 0:03:20]} 56. Qd1 {[%clk 0:34:45]} Qd8 {[%clk 0:01:11]} 57. Qh1
{[%clk 0:34:52]} Kf8 {[%clk 0:01:13]} 58. Rh8+ {[%clk 0:35:16]} Bg8
{[%clk 0:01:32]} 59. Qh7 {[%clk 0:35:35]} 1-0

[Event "Russian Championship HL 2015 Male"]
[Site "Kaliningrad"]
[Date "2015.06.24"]
[Round "3.4"]
[White "Khalifman, Alexander"]
[Black "Inarkiev, Ernesto"]
[Result "1/2-1/2"]
[LiveChessVersion "1.4.4"]
[BlackElo "2668"]
[WhiteElo "2623"]

1. e4 {[%clk 1:30:58]} e5 {[%clk 1:30:53]} 2. Nf3 {[%clk 1:31:21]} Nc6
{[%clk 1:30:51]} 3. Bb5 {[%clk 1:31:43]} Nf6 {[%clk 1:29:13]} 4. O-O
{[%clk 1:28:40]} Nxe4 {[%clk 1:29:28]} 5. Re1 {[%clk 1:28:45]} Nd6
{[%clk 1:28:38]} 6. Nxe5 {[%clk 1:29:00]} Be7 {[%clk 1:28:56]} 7. Bf1
{[%clk 1:29:06]} Nf5 {[%clk 1:25:19]} 8. Nf3 {[%clk 1:27:08]} O-O
{[%clk 1:22:39]} 9. d4 {[%clk 1:27:19]} d5 {[%clk 1:23:04]} 10. c3
{[%clk 1:24:39]} Re8 {[%clk 1:15:28]} 11. Nbd2 {[%clk 1:22:47]} Bf8
{[%clk 1:13:51]} 12. Rxe8 {[%clk 1:15:21]} Qxe8 {[%clk 1:09:55]} 13. Bd3
{[%clk 1:15:46]} Nd6 {[%clk 1:01:50]} 14. Nf1 {[%clk 1:10:34]} Ne7
{[%clk 1:01:08]} 15. Ng3 {[%clk 0:51:55]} Nef5 {[%clk 0:59:10]} 16. Bf4
{[%clk 0:45:23]} Nxg3 {[%clk 0:52:27]} 17. hxg3 {[%clk 0:40:19]} h6
{[%clk 0:43:32]} 18. Qc2 {[%clk 0:36:35]} Be6 {[%clk 0:35:03]} 19. Re1
{[%clk 0:34:38]} Qc8 {[%clk 0:35:15]} 20. Qe2 {[%clk 0:21:07]} c6
{[%clk 0:26:54]} 21. Bc2 {[%clk 0:19:15]} Bf5 {[%clk 0:25:59]} 22. Bxd6
{[%clk 0:18:23]} Bxd6 {[%clk 0:26:14]} 23. Nh4 {[%clk 0:18:18]} Bxc2
{[%clk 0:25:54]} 24. Qxc2 {[%clk 0:18:42]} Qd7 {[%clk 0:24:47]} 25. Re3
{[%clk 0:17:25]} Re8 {[%clk 0:23:03]} 26. Nf5 {[%clk 0:14:50]} Rxe3
{[%clk 0:21:47]} 27. Nxe3 {[%clk 0:15:14]} g6 {[%clk 0:21:18]} 28. Qd3
{[%clk 0:09:33]} h5 {[%clk 0:21:07]} 29. Kf1 {[%clk 0:09:46]} Qe6
{[%clk 0:19:02]} 30. Nc2 {[%clk 0:09:21]} Kg7 {[%clk 0:18:52]} 31. a3
{[%clk 0:09:18]} Qe4 {[%clk 0:18:01]} 32. Ne1 {[%clk 0:08:01]} f5
{[%clk 0:16:44]} 33. Qe2 {[%clk 0:07:22]} f4 {[%clk 0:13:43]} 34. gxf4
{[%clk 0:07:21]} Bxf4 {[%clk 0:13:28]} 35. Nd3 {[%clk 0:05:47]} Bd6
{[%clk 0:13:38]} 36. f3 {[%clk 0:05:02]} Qf5 {[%clk 0:09:42]} 37. Qe3
{[%clk 0:04:40]} g5 {[%clk 0:08:39]} 38. Ke2 {[%clk 0:03:49]} Kf7
{[%clk 0:08:28]} 39. Kd2 {[%clk 0:03:12]} Bg3 {[%clk 0:04:21]} 40. Kc2
{[%clk 0:32:23]} a5 {[%clk 0:31:44]} 41. Kb3 {[%clk 0:31:54]} b6 {[%clk 0:22:55]}
42. a4 {[%clk 0:31:36]} Bd6 {[%clk 0:20:49]} 43. Ka2 {[%clk 0:28:42]} g4
{[%clk 0:15:58]} 1/2-1/2

[Event "Russian Championship HL 2015 Male"]
[Site "Kaliningrad"]
[Date "2015.06.24"]
[Round "3.5"]
[White "Ponkratov, Pavel"]
[Black "Artemiev, Vladislav"]
[Result "0-1"]
[LiveChessVersion "1.4.4"]
[BlackElo "2660"]
[WhiteElo "2610"]

1. e4 {[%clk 1:30:57]} c5 {[%clk 1:30:34]} 2. Nf3 {[%clk 1:31:22]} d6
{[%clk 1:30:36]} 3. d4 {[%clk 1:31:46]} cxd4 {[%clk 1:30:53]} 4. Nxd4
{[%clk 1:32:12]} Nf6 {[%clk 1:31:00]} 5. Nc3 {[%clk 1:32:36]} a6 {[%clk 1:31:09]}
6. Be3 {[%clk 1:33:00]} Ng4 {[%clk 1:30:47]} 7. Bg5 {[%clk 1:33:23]} h6
{[%clk 1:30:45]} 8. Bh4 {[%clk 1:33:44]} g5 {[%clk 1:30:38]} 9. Bg3
{[%clk 1:34:08]} Bg7 {[%clk 1:30:43]} 10. h3 {[%clk 1:33:29]} Ne5
{[%clk 1:30:46]} 11. Nd5 {[%clk 1:33:53]} e6 {[%clk 1:20:40]} 12. Ne3
{[%clk 1:34:00]} Nbc6 {[%clk 1:07:08]} 13. Nxc6 {[%clk 1:30:39]} bxc6
{[%clk 1:03:09]} 14. Bxe5 {[%clk 1:30:10]} Bxe5 {[%clk 1:02:35]} 15. Nc4
{[%clk 1:30:35]} Rb8 {[%clk 0:56:18]} 16. c3 {[%clk 1:06:07]} Rxb2
{[%clk 0:51:49]} 17. Nxe5 {[%clk 1:05:30]} Qf6 {[%clk 0:51:57]} 18. Be2
{[%clk 0:52:03]} Qxe5 {[%clk 0:51:31]} 19. Qc1 {[%clk 0:52:23]} Rb8
{[%clk 0:50:11]} 20. O-O {[%clk 0:52:06]} Qxe4 {[%clk 0:48:00]} 21. Re1
{[%clk 0:43:47]} Qf4 {[%clk 0:45:02]} 22. Qa3 {[%clk 0:44:10]} c5
{[%clk 0:36:56]} 23. g3 {[%clk 0:38:01]} Qf5 {[%clk 0:29:00]} 24. Rad1
{[%clk 0:35:32]} Rb6 {[%clk 0:24:18]} 25. Qa5 {[%clk 0:30:45]} Rb2
{[%clk 0:23:58]} 26. Qa3 {[%clk 0:25:28]} Rxe2 {[%clk 0:21:32]} 27. Rxe2
{[%clk 0:25:48]} Bb7 {[%clk 0:21:23]} 28. Kf1 {[%clk 0:24:23]} Bf3
{[%clk 0:19:52]} 29. Qxa6 {[%clk 0:23:44]} O-O {[%clk 0:19:04]} 30. Qxd6
{[%clk 0:23:13]} Ra8 {[%clk 0:17:35]} 31. a4 {[%clk 0:18:26]} Qxh3+
{[%clk 0:15:03]} 32. Ke1 {[%clk 0:18:50]} Qh5 {[%clk 0:14:19]} 33. Qd3
{[%clk 0:16:42]} Rxa4 {[%clk 0:13:28]} 34. Qb5 {[%clk 0:12:23]} Ra8
{[%clk 0:11:55]} 0-1

[Event "Russian Championship HL 2015 Male"]
[Site "Kaliningrad"]
[Date "2015.06.24"]
[Round "3.6"]
[White "Khairullin, Ildar"]
[Black "Gabrielian, Artur"]
[Result "1-0"]
[LiveChessVersion "1.4.4"]
[BlackElo "2560"]
[WhiteElo "2653"]

1. Nf3 {[%clk 1:30:55]} c5 {[%clk 1:30:07]} 2. c4 {[%clk 1:31:14]} Nc6
{[%clk 1:30:32]} 3. d4 {[%clk 1:31:39]} cxd4 {[%clk 1:30:55]} 4. Nxd4
{[%clk 1:32:05]} Nf6 {[%clk 1:30:24]} 5. Nc3 {[%clk 1:32:26]} e6 {[%clk 1:29:17]}
6. g3 {[%clk 1:32:34]} Qb6 {[%clk 1:26:39]} 7. Ndb5 {[%clk 1:31:58]} Ne5
{[%clk 1:22:22]} 8. Bf4 {[%clk 1:32:23]} Nfg4 {[%clk 1:12:20]} 9. e3
{[%clk 1:32:47]} a6 {[%clk 1:04:19]} 10. Qa4 {[%clk 1:33:00]} Rb8
{[%clk 0:52:26]} 11. Be2 {[%clk 1:31:16]} axb5 {[%clk 0:50:35]} 12. Nxb5
{[%clk 1:31:40]} g5 {[%clk 0:43:49]} 13. Bxg5 {[%clk 1:32:00]} f6
{[%clk 0:38:13]} 14. Bf4 {[%clk 1:32:20]} Rg8 {[%clk 0:33:33]} 15. h3
{[%clk 1:16:16]} Nh6 {[%clk 0:33:44]} 16. O-O-O {[%clk 0:53:03]} Kf7
{[%clk 0:27:28]} 17. g4 {[%clk 0:45:44]} Rg6 {[%clk 0:13:43]} 18. Rhg1
{[%clk 0:29:25]} d6 {[%clk 0:10:13]} 19. Qc2 {[%clk 0:28:19]} Kg8
{[%clk 0:07:28]} 20. h4 {[%clk 0:25:37]} Nhf7 {[%clk 0:06:20]} 21. Nc3
{[%clk 0:20:51]} Ra8 {[%clk 0:03:03]} 22. Kb1 {[%clk 0:20:04]} Qb4
{[%clk 0:02:17]} 23. Ne4 {[%clk 0:09:12]} d5 {[%clk 0:01:01]} 24. cxd5
{[%clk 0:09:36]} exd5 {[%clk 0:01:12]} 25. Nc3 {[%clk 0:10:04]} Nc4
{[%clk 0:00:43]} 26. Ka1 {[%clk 0:10:31]} b5 {[%clk 0:00:39]} 27. h5
{[%clk 0:09:34]} Rg7 {[%clk 0:00:37]} 28. Nxd5 {[%clk 0:09:52]} Qa5
{[%clk 0:00:35]} 29. Bxc4 {[%clk 0:06:13]} bxc4 {[%clk 0:01:03]} 30. Qxc4
{[%clk 0:06:35]} Ba6 {[%clk 0:00:33]} 31. Qb3 {[%clk 0:06:51]} Be2
{[%clk 0:00:35]} 32. Rc1 {[%clk 0:03:44]} Kh8 {[%clk 0:00:35]} 33. Nxf6
{[%clk 0:02:45]} h6 {[%clk 0:00:49]} 34. a3 {[%clk 0:01:26]} Ne5 {[%clk 0:00:44]}
35. Bxh6 {[%clk 0:01:04]} Nd3 {[%clk 0:00:04]} 36. Rc2 {[%clk 0:00:51]} Nc5
{[%clk 0:00:36]} 37. Qd5 {[%clk 0:00:49]} Rd8 {[%clk 0:00:32]} 38. Bxg7+
{[%clk 0:00:40]} Bxg7 {[%clk 0:00:40]} 39. Qxc5 {[%clk 0:00:56]} Qxc5
{[%clk 0:00:36]} 40. Rxc5 {[%clk 0:31:23]} Bxf6 {[%clk 0:31:02]} 41. g5
{[%clk 0:30:57]} Be7 {[%clk 0:31:27]} 42. Re5 {[%clk 0:28:03]} Bf8
{[%clk 0:26:49]} 1-0

[Event "Russian Championship HL 2015 Male"]
[Site "Kaliningrad"]
[Date "2015.06.24"]
[Round "3.7"]
[White "Shimanov, Aleksandr"]
[Black "Alekseev, Evgeny"]
[Result "0-1"]
[LiveChessVersion "1.4.4"]
[BlackElo "2651"]
[WhiteElo "2606"]

1. Nf3 {[%clk 1:29:49]} Nf6 {[%clk 1:25:16]} 2. c4 {[%clk 1:29:58]} e6
{[%clk 1:22:24]} 3. g3 {[%clk 1:29:16]} b6 {[%clk 1:17:58]} 4. Bg2
{[%clk 1:28:23]} Bb7 {[%clk 1:17:53]} 5. d4 {[%clk 1:27:49]} Be7 {[%clk 1:15:28]}
6. O-O {[%clk 1:27:40]} O-O {[%clk 1:13:59]} 7. Re1 {[%clk 1:27:19]} Na6
{[%clk 1:12:37]} 8. Ne5 {[%clk 1:18:58]} Bxg2 {[%clk 1:09:03]} 9. Kxg2
{[%clk 1:19:14]} c5 {[%clk 1:08:57]} 10. d5 {[%clk 1:19:32]} Qc7 {[%clk 1:08:05]}
11. Nf3 {[%clk 1:18:33]} Ne4 {[%clk 1:06:52]} 12. Nbd2 {[%clk 1:13:05]} f5
{[%clk 0:59:51]} 13. Qa4 {[%clk 0:44:06]} Qb7 {[%clk 0:56:51]} 14. dxe6
{[%clk 0:43:24]} dxe6 {[%clk 0:53:17]} 15. Nxe4 {[%clk 0:40:05]} fxe4
{[%clk 0:51:43]} 16. Ne5 {[%clk 0:40:17]} Bd6 {[%clk 0:45:16]} 17. Ng4
{[%clk 0:31:59]} h5 {[%clk 0:42:39]} 18. Ne3 {[%clk 0:32:23]} Be5
{[%clk 0:42:52]} 19. Nd1 {[%clk 0:30:23]} Nb4 {[%clk 0:36:42]} 20. Nc3
{[%clk 0:23:41]} Bxc3 {[%clk 0:29:38]} 21. bxc3 {[%clk 0:24:05]} Nd3
{[%clk 0:30:01]} 22. Rf1 {[%clk 0:17:34]} Rxf2+ {[%clk 0:28:22]} 23. Rxf2
{[%clk 0:18:01]} e3+ {[%clk 0:28:43]} 24. Rf3 {[%clk 0:18:23]} Ne1+
{[%clk 0:28:59]} 25. Kh3 {[%clk 0:18:51]} Qe4 {[%clk 0:27:33]} 0-1

[Event "Russian Championship HL 2015 Male"]
[Site "Kaliningrad"]
[Date "2015.06.24"]
[Round "3.8"]
[White "Demchenko, Anton"]
[Black "Bukavshin, Ivan"]
[Result "1/2-1/2"]
[LiveChessVersion "1.4.4"]
[BlackElo "2647"]
[WhiteElo "2589"]

1. e4 {[%clk 1:30:57]} c5 {[%clk 1:30:55]} 2. Nf3 {[%clk 1:31:20]} e6
{[%clk 1:31:21]} 3. d4 {[%clk 1:31:39]} cxd4 {[%clk 1:31:46]} 4. Nxd4
{[%clk 1:32:05]} Nc6 {[%clk 1:32:10]} 5. Nc3 {[%clk 1:32:30]} Qc7
{[%clk 1:32:36]} 6. Be2 {[%clk 1:32:28]} Nf6 {[%clk 1:32:53]} 7. O-O
{[%clk 1:32:41]} Be7 {[%clk 1:33:08]} 8. Be3 {[%clk 1:31:19]} O-O
{[%clk 1:33:31]} 9. Kh1 {[%clk 1:30:28]} d6 {[%clk 1:33:43]} 10. f4
{[%clk 1:27:31]} Nxd4 {[%clk 1:33:57]} 11. Qxd4 {[%clk 1:27:10]} a6
{[%clk 1:34:24]} 12. a4 {[%clk 1:25:10]} Bd7 {[%clk 1:34:48]} 13. Rfd1
{[%clk 1:19:08]} Bc6 {[%clk 1:34:56]} 14. Bf3 {[%clk 1:19:16]} Nd7
{[%clk 1:32:18]} 15. Nd5 {[%clk 1:01:13]} Bxd5 {[%clk 1:29:42]} 16. exd5
{[%clk 1:01:37]} e5 {[%clk 1:30:04]} 17. Qb4 {[%clk 1:01:17]} f5 {[%clk 1:28:00]}
18. Ra3 {[%clk 0:50:46]} e4 {[%clk 1:22:36]} 19. Rc3 {[%clk 0:49:31]} Nc5
{[%clk 1:18:07]} 20. Be2 {[%clk 0:49:51]} Bf6 {[%clk 1:06:46]} 21. Bd4
{[%clk 0:34:49]} a5 {[%clk 1:05:02]} 22. Qc4 {[%clk 0:34:09]} Bxd4
{[%clk 1:02:28]} 23. Qxd4 {[%clk 0:34:31]} Rac8 {[%clk 1:01:40]} 24. g3
{[%clk 0:32:21]} g6 {[%clk 1:00:19]} 25. Kg2 {[%clk 0:30:43]} Qg7
{[%clk 0:59:25]} 26. Qxg7+ {[%clk 0:27:23]} Kxg7 {[%clk 0:59:41]} 27. Bb5
{[%clk 0:27:35]} Na6 {[%clk 0:57:08]} 28. Rxc8 {[%clk 0:26:24]} Rxc8
{[%clk 0:57:03]} 29. c3 {[%clk 0:26:50]} Nc7 {[%clk 0:56:58]} 30. Be2
{[%clk 0:13:53]} Na8 {[%clk 0:56:51]} 31. c4 {[%clk 0:11:27]} Nb6
{[%clk 0:56:28]} 32. b3 {[%clk 0:11:37]} Nd7 {[%clk 0:56:06]} 33. Kf2
{[%clk 0:10:39]} Nc5 {[%clk 0:56:18]} 34. Rb1 {[%clk 0:11:07]} Kf6
{[%clk 0:54:49]} 35. Ke3 {[%clk 0:07:47]} h6 {[%clk 0:54:50]} 36. Bd1
{[%clk 0:06:32]} g5 {[%clk 0:54:28]} 37. Bc2 {[%clk 0:06:34]} Rg8
{[%clk 0:50:01]} 38. Rf1 {[%clk 0:06:43]} Rg7 {[%clk 0:48:32]} 39. Bd1
{[%clk 0:04:54]} Kg6 {[%clk 0:45:59]} 40. Rg1 {[%clk 0:32:02]} Kf6
{[%clk 1:14:28]} 41. Rf1 {[%clk 0:32:18]} Kg6 {[%clk 1:14:01]} 42. Rg1
{[%clk 0:32:17]} 1/2-1/2